[Event "London Classic Women's Invitational"]
[Site "London ENG"]
[Date "2011.12.10"]
[Round "8"]
[White "Ciuksyte,D"]
[Black "Srebrnic,A"]
[Result "1-0"]
[WhiteElo "2327"]
[BlackElo "2219"]

1.e4 d6 2.d4 Nf6 3.Nc3 e5 4.Nf3 Nbd7 5.Bc4 Be7 6.O-O O-O 7.a4 b6 8.a5 Rb8
9.d5 a6 10.b4 b5 11.Bb3 Bb7 12.Qd3 c5 13.dxc6 Bxc6 14.Bg5 h6 15.Bxf6 Nxf6
16.Rfd1 Qc7 17.Nh4 Nxe4 18.Nf5 Nxc3 19.Qxc3 Bg5 20.h4 Bd8 21.Qg3 g5 22.Rxd6 Be4
23.Rg6+ Kh7 24.Rxh6+ Kg8 25.Nd6 Bh7 26.hxg5 Be7 27.g6 Bxd6 28.gxf7+ Kh8 29.Qg6  1-0

[Event "London Classic FIDE Open"]
[Site "London ENG"]
[Date "2011.12.10"]
[Round "8"]
[White "De Coverly,R"]
[Black "Fields,F"]
[Result "0-1"]
[WhiteElo "2027"]
[BlackElo "1897"]

1.e4 d6 2.d4 Nf6 3.Nc3 c6 4.f4 Qa5 5.e5 Ne4 6.Qf3 d5 7.Bd3 Nxc3 8.Bd2 e6
9.Bxc3 Bb4 10.Ne2 Na6 11.O-O Bxc3 12.bxc3 Bd7 13.Kh1 c5 14.c4 Bc6 15.cxd5 Bxd5
16.Be4 Bxe4 17.Qxe4 O-O-O 18.f5 cxd4 19.fxe6 Nc5 20.Qg4 Nxe6 21.Rxf7 Qxe5
22.Rb1 Rhf8 23.Rfxb7 h5 24.Qg3 Rf1+ 25.Rxf1 Qxg3 26.Nxg3 Kxb7 27.Nxh5 Rd7
28.g3 Kc6 29.Kg2 Kc5 30.Nf4 Nxf4+ 31.Rxf4 Kc4 32.Rf3 Rb7 33.Ra3 Rb2 34.Rxa7 Rxc2+
35.Kh3 d3 36.Rxg7 d2 37.Rd7 Rxa2 38.g4 Ra3+ 39.Kh4 Rd3 40.Rc7+ Kd4 41.Rd7+ Ke4
42.Re7+ Kf3 43.Rf7+ Kg2  0-1

[Event "London Classic FIDE Open"]
[Site "London ENG"]
[Date "2011.12.10"]
[Round "8"]
[White "Seymour,T"]
[Black "Willmoth,R"]
[Result "1-0"]
[WhiteElo "2033"]
[BlackElo "2169"]

1.e4 d6 2.d4 Nf6 3.Nc3 c6 4.f4 Qa5 5.Bd3 e5 6.Nf3 Bg4 7.Be3 exf4 8.Bxf4 Qb4
9.a3 Qxb2 10.Na4 Bxf3 11.gxf3 Qxd4 12.c3  1-0

[Event "Arab Games Rapid Women"]
[Site "Doha QAT"]
[Date "2011.12.11"]
[Round "1"]
[White "Al Zarouni,K"]
[Black "Zhu Chen"]
[Result "0-1"]
[WhiteElo "1861"]
[BlackElo "2471"]

1.e4 d6 2.d4 Nf6 3.Nc3 e5 4.dxe5 dxe5 5.Qxd8+ Kxd8 6.Bg5 Be6 7.O-O-O+ Nd7
8.Nf3 Bd6 9.Be2 a6 10.h3 Ke8 11.Rhe1 h6 12.Be3 Bb4 13.Bd3 Bxc3 14.bxc3 b5
15.Kb2 Ke7 16.Nd2 Ne8 17.Nb3 Nd6 18.Nc5 Rhd8 19.Nxd7 Kxd7 20.f4 f6 21.fxe5 fxe5
22.Bf2 Bg8 23.Bg3 Re8 24.Bf1 Kc6 25.Be2 Bh7 26.Bf3 Rad8 27.Kb1 Nc4 28.Rd5 Rxd5
29.exd5+ Kd6 30.Kc1 Nb6 31.Rd1 Bg8 32.Be4 Nxd5 33.a4 c6 34.axb5 axb5 35.Kb2 Ra8
36.Re1 Nb6 37.Bxe5+ Kxe5 38.Bxc6+ Kf6 39.Bxa8 Nxa8 40.Re8 Bd5 41.Rd8 Bxg2
42.Rb8 Nc7 43.Rb6+ Kg5 44.h4+ Kh5 45.Rd6 Bf1 46.Rd7 Ne6 47.Re7 Bc4 48.Kc1 Kxh4
49.Kd2 g5 50.Ke3 g4 51.Kf2 g3+ 52.Kg1 Nf4 53.Re4 Kg4 54.Re3 Nh3+ 55.Kg2 Bd5+  0-1

[Event "Arab Games Rapid Men"]
[Site "Doha QAT"]
[Date "2011.12.11"]
[Round "2"]
[White "Al Modiahki,M"]
[Black "Goutali,T"]
[Result "1-0"]
[WhiteElo "2558"]
[BlackElo "2327"]

1.e4 d6 2.d4 Nf6 3.Nc3 Nbd7 4.Nf3 e5 5.Bc4 Be7 6.O-O O-O 7.Qe2 c6 8.a4 exd4
9.Nxd4 Re8 10.Ba2 Bf8 11.Qf3 Ne5 12.Qd1 a5 13.Bg5 h6 14.Bh4 Ng6 15.Bg3 Qb6
16.Rb1 Bd7 17.Re1 Rad8 18.Bb3 Bc8 19.Nf5 d5 20.Qf3 Bxf5 21.Qxf5 Qb4 22.Rbd1 Qe7
23.e5 Nd7 24.f4 Nc5 25.Ba2 Qe6 26.Qh5 Ne7 27.Bh4 g6 28.Qe2 Rd7 29.Bf2 h5
30.Bxc5  1-0

[Event "Arab Games Rapid Men"]
[Site "Doha QAT"]
[Date "2011.12.11"]
[Round "3"]
[White "Al Sayed,Mohamad"]
[Black "Haddouche,M"]
[Result "1-0"]
[WhiteElo "2514"]
[BlackElo "2386"]

1.d4 d6 2.e4 Nf6 3.Nc3 e5 4.Nf3 exd4 5.Nxd4 Be7 6.Be2 O-O 7.O-O Re8 8.f4 Bf8
9.Bf3 c5 10.Nde2 Nc6 11.b3 Bg4 12.Bb2 Bxf3 13.gxf3 d5 14.Nxd5 Nxd5 15.exd5 Nd4
16.Nxd4 cxd4 17.Qxd4 Rc8 18.Rf2 f6 19.b4 b5 20.a3 Rc4 21.Qd3 a5 22.Rd1 Bd6
23.c3 Bxf4 24.Re2 Be5 25.d6 Qb6+ 26.Kh1 Rd8 27.Qd5+ Kh8 28.bxa5 Qb8 29.d7 h6
30.a6 Rh4 31.Qb7 Rxh2+ 32.Rxh2 Bxh2 33.Qxb8 Bxb8 34.a4 bxa4 35.Ba3 Bc7 36.Be7 Ra8
37.d8=Q+ Bxd8 38.Rxd8+ Rxd8 39.Bxd8 a3 40.a7  1-0

[Event "Arab Games Rapid Men"]
[Site "Doha QAT"]
[Date "2011.12.11"]
[Round "4"]
[White "Najjar,A"]
[Black "Karim,I"]
[Result "1/2-1/2"]
[WhiteElo "2274"]
[BlackElo "2405"]

1.d4 d6 2.e4 Nf6 3.Nc3 e5 4.dxe5 dxe5 5.Qxd8+ Kxd8 6.Bc4 Ke8 7.Be3 c6 8.f3 Nbd7
9.Nge2 b5 10.Bb3 Bc5 11.Kf2 Bxe3+ 12.Kxe3 Bb7 13.Rhd1 Ke7 14.Rd2 Nc5 15.Rad1 Rhf8
16.Nc1 Nfd7 17.a4 a6 18.Ba2 b4 19.N3e2 Rad8 20.a5 Ne6 21.Bxe6 fxe6 22.c4 c5
23.Nb3 Bc6 24.Nec1 Ba4 25.Rd6 Ra8 26.R1d2 Rfc8 27.R6d3 Rc7 28.Ne2 Bxb3 29.Rxb3 Nb8
30.Rd1 Nc6 31.Ra1 Rd8 32.Rd3 Rcd7 33.Rxd7+ Rxd7 34.b3 Kf6 35.g3 g6 36.h3 h6
37.h4 Rd8 38.g4 Nd4 39.Nxd4 exd4+ 40.Kf4 g5+ 41.hxg5+ hxg5+ 42.Kg3 Rh8 43.f4 Rd8
44.Rd1 d3 45.Rd2 gxf4+ 46.Kxf4 e5+ 47.Ke3 Kg5 48.Kf3 Rd4 49.Kg3 Rd8 50.Kf3 Rd4
51.Kg3 Rxe4 52.Rxd3 Rxg4+ 53.Kf2 Kf5 54.Rd5 Rh4 55.Rxc5 Rh3 56.Rc6 Rxb3 57.Rxa6 Rc3
58.Rb6 Rxc4 59.a6 Rc2+ 60.Ke3 Rc3+ 61.Kd2 Ra3 62.Rxb4 Rxa6 63.Ke3 Ra3+ 64.Ke2 Rh3
65.Ra4 Rb3 66.Rc4 Ke6 67.Ra4 Kd5 68.Ra5+ Ke4 69.Ra4+ Kf5 70.Rc4 Rb2+ 71.Ke3 Rb3+
72.Ke2 Rh3 73.Ra4 Rg3 74.Kf2 Rb3 75.Ke2 Rb2+ 76.Ke3 Rb1 77.Rc4 Re1+ 78.Kf3 e4+
79.Kf2 Rb1 80.Rc8 Rb2+ 81.Ke3 Rb3+ 82.Ke2 Rb5 83.Rf8+ Ke5 84.Re8+ Kd4 85.Rd8+ Rd5
86.Rxd5+ Kxd5 87.Ke3 Ke5 88.Ke2 Kd4 89.Kd2 e3+ 90.Ke2 Ke4 91.Ke1 Ke5 92.Ke2 Kf4
93.Ke1 Ke5 94.Kd1 Kd4 95.Ke2 Ke4 96.Ke1 Kd3 97.Kd1 e2+ 98.Ke1 Ke3  1/2-1/2

[Event "London Classic FIDE Open"]
[Site "London ENG"]
[Date "2011.12.11"]
[Round "9"]
[White "Flynn,D"]
[Black "Torner Planell,Jor"]
[Result "1-0"]
[WhiteElo "1978"]
[BlackElo "1917"]

1.e4 d6 2.d4 Nf6 3.Nc3 e5 4.Nf3 Nbd7 5.Bc4 Be7 6.O-O O-O 7.Re1 c6 8.a4 a5
9.dxe5 Nxe5 10.Nxe5 dxe5 11.Qxd8 Rxd8 12.f3 Nd7 13.Be3 Nc5 14.Red1 Bd7 15.Rd2 Be8
16.Rad1 Rxd2 17.Rxd2 b6 18.Kf2 h6 19.g3 Kh7 20.b3 Rb8 21.Rd1 Ne6 22.Bf1 Nd4
23.Bxd4 exd4 24.Ne2 c5 25.Nf4 b5 26.axb5 Bxb5 27.Bxb5 Rxb5 28.Ra1 Bd8 29.Ra4 Kg8
30.Ke2 Kf8 31.Kd3 Rb8 32.Kc4 Rc8 33.Kd5 Rc7 34.Rc4 Be7 35.Nd3 Rd7+ 36.Kc6 Ke8
37.Nxc5 Bxc5 38.Rxc5 d3 39.Re5+ Kd8 40.cxd3 Rc7+ 41.Kb5 Rc3 42.Rd5+ Ke7 43.Ka4 Rc1
44.Rxa5 Kd6 45.Kb4 Rb1 46.Ra7 Rd1 47.Kc3 Ke6 48.Ra2 Rc1+ 49.Rc2 Rb1 50.Rb2 Rc1+
51.Kd4 f5 52.exf5+ Kxf5 53.b4 Ke6 54.b5 Rc7 55.b6 Rb7 56.Kc5 Kd7 57.Ra2  1-0

[Event "Arab Games Rapid Men"]
[Site "Doha QAT"]
[Date "2011.12.12"]
[Round "6"]
[White "Al Qudaimi,B"]
[Black "Al Sayed,Mohamad"]
[Result "1-0"]
[WhiteElo "2398"]
[BlackElo "2514"]

1.e4 d6 2.d4 Nf6 3.Nc3 e5 4.Nf3 Nbd7 5.Bc4 Be7 6.Ng5 O-O 7.f4 c6 8.a4 exd4
9.Qxd4 h6 10.Nxf7 Rxf7 11.Bxf7+ Kxf7 12.e5 Ne8 13.Be3 Qa5 14.b4 Qc7 15.O-O Nf8
16.f5 Qd8 17.Rad1 Kg8 18.Qc4+ d5 19.Nxd5 cxd5 20.Rxd5 Be6 21.Rxd8 Bxc4 22.Rxa8 Nc7
23.Rxa7 Nd5 24.Bd4 Nxb4 25.f6 gxf6 26.exf6 Bd6 27.Rxb7 Nxc2 28.Rc1 Bd5 29.Rg7+ Kh8
30.Rxc2  1-0

[Event "Arab Games Rapid Men"]
[Site "Doha QAT"]
[Date "2011.12.12"]
[Round "6"]
[White "Haddouche,M"]
[Black "Goutali,T"]
[Result "1-0"]
[WhiteElo "2386"]
[BlackElo "2327"]

1.e4 d6 2.d4 Nf6 3.Nc3 Nbd7 4.Nge2 e5 5.g3 Be7 6.Bg2 c6 7.a4 b6 8.O-O a6
9.h3 h5 10.f4 Qc7 11.Be3 Bb7 12.d5 c5 13.f5 h4 14.g4 Nh7 15.Qd2 Qd8 16.Kh1 Ndf8
17.Rab1 Bg5 18.b4 Bxe3 19.Qxe3 Rc8 20.b5 a5 21.Nd1 Ng5 22.f6 gxf6 23.Qf2 Rh6
24.Ne3 Kd7 25.Nf5 Rh7 26.Nxh4 Kc7 27.Kh2 Qd7 28.Qxf6 Rxh4 29.Qxg5 Ng6 30.Rf6 Rch8
31.Qf5 R8h7 32.Rf1 Qxf5 33.R1xf5 Nh8 34.Kg3 Bc8 35.Rf1 Kd7 36.Ng1 Ke7 37.R6f2 R4h6
38.Nf3 f6 39.Nd2 Rf7 40.Nc4 Ng6 41.Nxb6 Bb7 42.Nc4 Nf4 43.Nxa5 Bc8 44.b6 Kd8
45.Rb1 Rhh7 46.Bf1 Rfg7 47.Nc6+ Ke8 48.a5 f5 49.exf5 Nxd5 50.a6 Nc3 51.Re1 e4
52.Na5 d5 53.b7 Bxb7 54.axb7 Rxb7 55.Nxb7 Rxb7 56.f6 Kf7 57.Rf5 Rb2 58.g5 Rxc2
59.g6+ Kxg6 60.f7 Kxf5 61.f8=Q+ Ke5 62.Qf4+ Ke6 63.Ra1 d4 64.Bc4+ Kd7 65.Ra7+ Kc8
66.Qc7+  1-0

[Event "Arab Games Rapid Women"]
[Site "Doha QAT"]
[Date "2011.12.12"]
[Round "6"]
[White "Latreche,S"]
[Black "Mezioud,A"]
[Result "1/2-1/2"]
[WhiteElo "1995"]
[BlackElo "2065"]

1.e4 d6 2.d4 Nf6 3.Nc3 c6 4.f4 Qa5 5.Bd3 e5 6.dxe5 dxe5 7.fxe5 Ng4 8.Nf3 Bc5
9.Qe2 Bf2+ 10.Kd1 Bc5 11.Rf1 Bb4 12.Bd2 Nxe5 13.Nxe5 Qxe5 14.Bf4 Qd4 15.Be3 Qe5
16.Bf4 Qd4 17.Be3 Qe5  1/2-1/2

[Event "Arab Games Rapid Men"]
[Site "Doha QAT"]
[Date "2011.12.12"]
[Round "7"]
[White "El Jawich,A"]
[Black "Goutali,T"]
[Result "1-0"]
[WhiteElo "2139"]
[BlackElo "2327"]

1.e4 d6 2.d4 Nf6 3.Nc3 Nbd7 4.Nf3 e5 5.g4 h6 6.Rg1 c6 7.Be3 Qa5 8.Qd2 b5
9.Bd3 Qc7 10.h4 h5 11.gxh5 Nxh5 12.O-O-O a6 13.Kb1 Bb7 14.Ng5 Ndf6 15.f4 exf4
16.Bxf4 Nxf4 17.Qxf4 O-O-O 18.e5 dxe5 19.dxe5 Kb8 20.Rgf1 Nh5 21.Qxf7 Qxe5
22.Rde1 Qd6 23.Nce4 Qd7 24.Qf2 Bb4 25.Rd1 Rhf8 26.Qh2+ Ka8 27.a3 Rxf1 28.Rxf1 Be7
29.Rf7 Re8 30.Qe2 g6 31.Nc5 Qd8 32.Nxb7 Kxb7 33.Bxg6 Ka8 34.Qxh5 Rh8 35.Qf3 Qd6
36.Be4 Rc8 37.Bxc6+ Kb8 38.Be4 Rg8 39.Qf4 Qxf4 40.Rxf4 Bd6 41.Rf3 Re8 42.Rd3 Bf4
43.Bf3 Re1+ 44.Ka2 Re7 45.Ne4 Rf7 46.h5 Kc7 47.Nc5 a5 48.Ne6+  1-0

[Event "18th Zadar Open A"]
[Site "Zadar CRO"]
[Date "2011.12.12"]
[Round "3.19"]
[White "Mazi,L"]
[Black "Rukavina,J"]
[Result "1-0"]
[WhiteElo "2353"]
[BlackElo "2421"]

1.e4 d6 2.d4 Nf6 3.Nc3 e5 4.Nf3 Nbd7 5.g3 Be7 6.Bg2 O-O 7.O-O a6 8.a4 b6
9.Re1 c6 10.Nb1 Re8 11.Nbd2 Bf8 12.h3 Bb7 13.c3 Qc7 14.b3 Rad8 15.Bb2 d5
16.exd5 Nxd5 17.Qc2 exd4 18.Nxd4 N7f6 19.N2f3 c5 20.Nf5 c4 21.b4 Ne7 22.a5 Nxf5
23.Qxf5 b5 24.Nd4 Rxe1+ 25.Rxe1 Nd5 26.Rd1 g6 27.Qc2 Bg7 28.Ne2 Rd7 29.Bc1 Bc6
30.Bd2 h5 31.h4 Qb7 32.Be1 Re7 33.Qd2 Nxb4 34.Qd8+ Re8 35.Qxe8+  1-0

[Event "3rd Balkan GP Individual"]
[Site "Podgorica MNE"]
[Date "2011.12.13"]
[Round "4"]
[White "Stanojoski,Z"]
[Black "Pancevski,F"]
[Result "1-0"]
[WhiteElo "2470"]
[BlackElo "2442"]

1.e4 d6 2.d4 Nf6 3.Nc3 Nbd7 4.Nf3 e5 5.Bc4 Be7 6.O-O O-O 7.Re1 a6 8.a4 b6
9.h3 Bb7 10.d5 Ne8 11.g4 g6 12.Bh6 Ng7 13.Kh2 Nf6 14.Nd2 Kh8 15.f4 exf4 16.Bxf4 Nd7
17.Nf3 Bf6 18.Qd2 Ne5 19.Bxe5 Bxe5+ 20.Kg2 Ne8 21.Re2 Bg7 22.Rf1 Kg8 23.Nd4 Qh4
24.Ref2 Bc8 25.Nce2 h5 26.Nf3 Qe7 27.gxh5 Nf6 28.Ng3 Nxe4 29.Qe3 f5 30.hxg6 Qe8
31.Nxe4 fxe4 32.Nh4 Bd7 33.Rxf8+ Bxf8 34.Qg5 Qe5 35.Qxe5 dxe5 36.d6+  1-0

[Event "18th Zadar Open A"]
[Site "Zadar CRO"]
[Date "2011.12.13"]
[Round "4.7"]
[White "Kulaots,K"]
[Black "Kadric,D"]
[Result "1/2-1/2"]
[WhiteElo "2577"]
[BlackElo "2403"]

1.e4 d6 2.d4 Nf6 3.Nc3 e5 4.Nf3 Nbd7 5.Bc4 Be7 6.O-O O-O 7.a4 a6 8.Re1 b6
9.Ne2 Bb7 10.Ng3 Nxe4 11.Nxe4 d5 12.Bb3 dxe4 13.Nxe5 Nxe5 14.dxe5 Qc8 15.Be3 Rd8
16.Qe2 Qf5 17.Qc4 c5 18.Rad1 Rxd1 19.Rxd1 Bc6 20.e6 fxe6 21.Qxe6+ Qxe6 22.Bxe6+ Kf8
23.b3 Rd8 24.Rxd8+ Bxd8 25.Bc4 a5 26.Bf4 Ke8 27.Be6 Bf6 28.g3 Kd8 29.Bg8 h6
30.Kf1 Bg5 31.Be5 Bf6 32.Bf4 Bg5 33.Bb8 e3 34.fxe3 Bxe3 35.Ke2 Bd4  1/2-1/2

[Event "Open Mundial de Leon Equipos"]
[Site "Leon ESP"]
[Date "2011.12.17"]
[Round "1"]
[White "Huebner,R"]
[Black "Lorente Penalba,D"]
[Result "1-0"]
[WhiteElo "2580"]
[BlackElo "2170"]

1.e4 d6 2.d4 Nf6 3.Nc3 e5 4.Nf3 Nbd7 5.Bc4 Be7 6.O-O O-O 7.a4 c6 8.a5 Qc7
9.Re1 Re8 10.h3 exd4 11.Nxd4 Ne5 12.Bf1 Bf8 13.Bg5 Nfd7 14.Qd2 h6 15.Bh4 b5
16.axb6 Nxb6 17.Bg3 Nbc4 18.Qc1 Qb6 19.Nb3 Be7 20.Na4 Qb4 21.Nd4 Rb8 22.b3 c5
23.c3 Qb7 24.bxc4 cxd4 25.cxd4 Ng6 26.c5 dxc5 27.Nxc5 Qb2 28.Bxb8 Qxb8 29.e5 Bg5
30.Qb1 Qc7 31.Ne4 Bf5 32.Qa2 Nh4 33.Nd6 Be6 34.Nxe8 Qb8 35.d5 Bxh3 36.Nd6 Qb4
37.Qa3 Qd4 38.Qxh3  1-0

[Event "Open Mundial de Leon Equipos"]
[Site "Leon ESP"]
[Date "2011.12.17"]
[Round "2"]
[White "Rodriguez Garcia,C"]
[Black "Strikovic,A"]
[Result "0-1"]
[WhiteElo "1826"]
[BlackElo "2564"]

1.e4 d6 2.d4 Nf6 3.Nc3 e5 4.Nf3 Nbd7 5.Bc4 Be7 6.O-O Nb6 7.Bb3 exd4 8.Nxd4 c5
9.Nf3 c4 10.Ba4+ Nxa4 11.Nxa4 Nxe4 12.Bf4 d5 13.Nc3 Nxc3 14.bxc3 O-O 15.Be5 Bf5
16.Bd4 Re8 17.Qd2 Rf8 18.Qd1 Re8 19.Qd2 Be4 20.Ne5 f6 21.Ng4 Qd7 22.Ne3 b5
23.f3 Bg6 24.Rfe1 a5 25.a3 Ra6 26.g3 Re6 27.Ng2 Rxe1+ 28.Rxe1 Bxa3 29.Rxe8+ Bxe8
30.Nf4 Bf7 31.Bb6 b4 32.Bxa5 Qa7+  0-1

[Event "XXIII Carlos Torre Magistral"]
[Site "Merida MEX"]
[Date "2011.12.17"]
[Round "3.4"]
[White "Guerra Mendez,J"]
[Black "Almeida Quintana,O"]
[Result "0-1"]
[WhiteElo "2464"]
[BlackElo "2538"]

1.e4 d6 2.d4 Nf6 3.Nc3 e5 4.Nf3 exd4 5.Nxd4 Be7 6.Be2 O-O 7.O-O Re8 8.Re1 Bf8
9.Bf1 c6 10.Bf4 Nbd7 11.Qd2 Ne5 12.h3 b5 13.a3 Bd7 14.Re3 a5 15.Rae1 b4 16.Nd1 c5
17.Nb5 Qb6 18.a4 c4 19.Bg5 Bxb5 20.axb5 Be7 21.Kh1 Qxb5 22.f4 Ng6 23.Qd4 Rec8
24.b3 Qc5 25.Qxc5 Rxc5 26.Bxc4 h6 27.e5 hxg5 28.exf6 Bxf6 29.Re8+ Rxe8 30.Rxe8+ Kh7
31.fxg5 Bxg5 32.Nf2 f5 33.Nd3 Rc7 34.Ra8 Ne5 35.Nxe5 dxe5 36.Rxa5 Bf4 37.Kg1 Rd7
38.Bd5 g6 39.Kf2 e4 40.g4 Re7 41.Rb5 Bd6 42.Rb7 Kh6 43.h4 Re5 44.Bg8 Be7
45.Ke3 fxg4 46.Kf4 e3 47.Kxe5 e2 48.Rxe7 e1=Q+ 49.Kd6 Qd2+ 50.Ke6 Qe3+ 51.Kd7 Qd4+
52.Ke6 Qh8 53.Re8 g3  0-1

[Event "TCh-NED Meesterklasse 2011-12"]
[Site "Netherlands NED"]
[Date "2011.12.17"]
[Round "4.4"]
[White "Diepeveen,V"]
[Black "Kunin,V"]
[Result "1-0"]
[WhiteElo "2267"]
[BlackElo "2549"]

1.e4 d6 2.d4 Nf6 3.Nc3 Nbd7 4.Nf3 e5 5.Bc4 Be7 6.O-O O-O 7.Re1 c6 8.a4 Qc7
9.a5 h6 10.Nh4 exd4 11.Qxd4 Ne5 12.Ba2 Be6 13.Nf5 Bxf5 14.exf5 Rfe8 15.Bf4 b5
16.axb6 axb6 17.Bb3 Nfd7 18.Rad1 Bf6 19.Qd2 Nc5 20.Ne4 Nxe4 21.Rxe4 Qc8 22.Rde1 Qxf5
23.c4 Ra1 24.Rxe5 Bxe5 25.Rxa1 Bxf4 26.Qb4 Qe5 27.g3 Qxb2 28.Ra2 Qb1+ 29.Kg2 Re1
30.Ra8+ Kh7 31.Bc2+ Qxc2 32.Qxe1 Be5 33.Qf1 Bd4 34.Re8 Be5 35.Kg1 f5 36.Rc8 c5
37.Rb8 Qb3 38.Qe2 Qb1+ 39.Kg2 Qb3 40.Qf3 Qxc4 41.Qxf5+ g6 42.Qb1 Qd5+ 43.Kg1 h5
44.Rxb6 h4 45.Rb7+ Kh6 46.Qc1+ g5 47.Qb1 Bg7 48.gxh4 Qe5 49.Qc1 Bf6 50.hxg5+ Bxg5
51.Qb1 Be7 52.Qc1+ Bg5 53.Qc2 Be7 54.Qd2+ Kg6 55.Rb3 Kf7 56.Re3 Qg5+ 57.Kf1 Qf5
58.Qd1 Qg5 59.Qf3+ Bf6 60.Qb7+ Be7 61.Rf3+ Ke6 62.Qc8+ Kd5 63.Re3 Kd4 64.Qb7 Qg4
65.h3 Qd1+ 66.Kg2 Qc2 67.Qxe7 Qg6+ 68.Kh2 c4 69.Re6  1-0

[Event "14th Padova Open"]
[Site "Padova ITA"]
[Date "2011.12.17"]
[Round "8"]
[White "Bellini,F"]
[Black "Solomon,K"]
[Result "0-1"]
[WhiteElo "2513"]
[BlackElo "2426"]

1.e4 d6 2.d4 Nf6 3.Nc3 e5 4.Nf3 Nbd7 5.Bc4 Be7 6.O-O O-O 7.Re1 a6 8.a4 b6
9.Nd5 Bb7 10.Nxe7+ Qxe7 11.Bd3 Rfe8 12.d5 c6 13.c4 Qd8 14.Nh4 g6 15.Bg5 Qc7
16.Qf3 Kg7 17.Qh3 Ng8 18.Ra3 Bc8 19.Qg3 Ndf6 20.Bb1 a5 21.dxc6 Qxc6 22.Qd3 Be6
23.b3 h6 24.Bc1 Rad8 25.Ra2 Bc8 26.h3 Bb7 27.Kh2 Kh7 28.g4 Nd7 29.f3 Nc5
30.Qe3 Ne6 31.Ng2 Qc5 32.Qc3 Nd4 33.Ba3 Qc7 34.Qe3 Ne7 35.f4 Nec6 36.Rf2 exf4
37.Nxf4 d5 38.cxd5 Rxd5 39.exd5 Rxe3 40.Rxe3 Nb4 41.Re4 Nxb3 42.Bb2 Qc5 43.Rfe2 Nxd5
44.Re8 Nd4 45.Bxg6+ fxg6 46.Nxd5 Qd6+ 47.R2e5 Nf3+ 48.Kg3 Bxd5 49.h4 g5 50.h5 Nxe5
51.Bxe5 Qa3+ 52.Kf2 Qf3+ 53.Ke1 Qe3+ 54.Kf1 Qf3+ 55.Ke1 Bg8 56.Kd2 Qd5+ 57.Ke3 Qb3+
58.Kd2 Qb4+ 59.Ke3 Qxg4 60.Re7+ Bf7 61.Rxf7+ Kg8 62.Rf6 Qxh5 63.Ke4 Qg4+
64.Kd5 h5 65.Rxb6 h4 66.Rb8+ Kf7 67.Rb7+ Kg6 68.Rg7+ Kh6 69.Ra7 Qxa4 70.Ke6 Qc6+
71.Bd6 h3 72.Ke5 Kg6 73.Kd4  0-1

[Event "European Rapid 2011"]
[Site "Warsaw POL"]
[Date "2011.12.17"]
[Round "5"]
[White "Zhigalko,S"]
[Black "Borsos,B"]
[Result "1-0"]
[WhiteElo "2651"]
[BlackElo "2239"]

1.e4 d6 2.d4 Nf6 3.Nc3 Nbd7 4.Nf3 e5 5.Bc4 Be7 6.O-O O-O 7.a4 c6 8.Re1 b6
9.b3 a6 10.d5 c5 11.Bd3 h6 12.Nd2 Nh7 13.Nc4 Qc7 14.Qe2 Bg5 15.Ba3 Ndf6 16.b4 Bg4
17.Qf1 Nh5 18.bxc5 bxc5 19.a5 Nf4 20.Nb6 Nxd3 21.Nxa8 Qxa5 22.Qxd3 Rxa8 23.Reb1 Nf8
24.Bc1 Qd8 25.Bxg5 Qxg5 26.Qg3 Ng6 27.h3 Qd2 28.hxg4 Nf4 29.Kf1 Qxc2 30.Ra2  1-0

[Event "XXI Elgoibar Magistral"]
[Site "Elgoibar ESP"]
[Date "2011.12.18"]
[Round "7.5"]
[White "Korneev,O"]
[Black "Paunovic,D"]
[Result "1-0"]
[WhiteElo "2608"]
[BlackElo "2528"]

1.e4 d6 2.d4 Nf6 3.Nc3 e5 4.Nf3 Nbd7 5.Bc4 Be7 6.a4 O-O 7.O-O c6 8.Re1 exd4
9.Nxd4 Ne5 10.Ba2 Re8 11.h3 Bd7 12.Be3 Qa5 13.f4 Ng6 14.Qd3 Qb4 15.Bb3 Rac8
16.Nf3 c5 17.Bc4 Be6 18.b3 Bxc4 19.bxc4 Qa5 20.Bd2 Qd8 21.a5 Rb8 22.Nd5 Nxd5
23.cxd5 Bf6 24.Rab1 Qd7 25.c4 b6 26.Rb3 bxa5 27.Rxb8 Rxb8 28.e5 dxe5 29.fxe5 Bd8
30.Qa3 a4 31.Ra1 Nh4 32.Nxh4 Bxh4 33.Qxc5 Bg3 34.Qe3 Bh4 35.Qd4 Bg3 36.Qe3 Bh4
37.Qd4 Bg3 38.Bf4 Bxf4 39.Qxf4 Rb4 40.d6 h5 41.Qd4 a5 42.Qd5 a3 43.Rxa3 Rb1+
44.Kh2 Rc1 45.Rxa5 Qf5 46.Qf3 Qg5 47.d7 h4 48.d8=Q+  1-0

[Event "14th Padova Open"]
[Site "Padova ITA"]
[Date "2011.12.18"]
[Round "9"]
[White "Manca,F"]
[Black "Laketic,G"]
[Result "1-0"]
[WhiteElo "2417"]
[BlackElo "2444"]

1.e4 d6 2.d4 Nf6 3.Nc3 e5 4.Nf3 Nbd7 5.g4 Nxg4 6.Rg1 Ngf6 7.Bc4 h6 8.Be3 c6
9.dxe5 dxe5 10.Qd3 b5 11.Bb3 Qa5 12.O-O-O Ba6 13.Nd2 c5 14.Nd5 Bb7 15.Nxf6+ Nxf6
16.Bxf7+ Kxf7 17.Qb3+ Bd5 18.exd5 c4 19.Nxc4 bxc4 20.Qb7+ Kg8 21.Qxa8 Qxa2
22.Qxa7 Qxa7 23.Bxa7 Bd6 24.c3 Kf7 25.Kc2 Ra8 26.Ra1 Nxd5 27.Rgd1 Ke6 28.Ra5 Nc7
29.Bb6 Rxa5 30.Bxa5 Nd5 31.b3 Bc5 32.bxc4 Nf6 33.f3 e4 34.fxe4 Nxe4 35.Bb4 Bb6
36.Re1 Kf5 37.Bf8 Bc7 38.h3 Be5 39.c5 g5 40.Bxh6 Nxc5 41.Bxg5 Bxc3 42.Kxc3 Ne4+
43.Rxe4  1-0

[Event "European Rapid 2011"]
[Site "Warsaw POL"]
[Date "2011.12.18"]
[Round "10"]
[White "Lewtak,Da"]
[Black "Piorun,K"]
[Result "1-0"]
[WhiteElo "2138"]
[BlackElo "2520"]

1.e4 d6 2.d4 Nf6 3.Nc3 Nbd7 4.Nf3 e5 5.dxe5 dxe5 6.Bc4 Bb4 7.Bd2 O-O 8.Qe2 c6
9.a3 Bd6 10.O-O Qc7 11.Rad1 Nb6 12.Ba2 Be6 13.Bg5 Bxa2 14.Nxa2 Be7 15.Nc3 Nh5
16.g3 Bxg5 17.Nxg5 Nf6 18.a4 Qe7 19.a5 Nbd7 20.Qc4 Rfc8 21.Rfe1 Rab8 22.Ra1 Ne8
23.Red1 b5 24.Qxf7+ Qxf7 25.Nxf7 Nef6 26.Nd6 Rd8 27.Nf5 Kf7 28.f3 g6 29.Ne3 Nc5
30.Kf2 Ke7 31.Ke2 Rd4 32.Ke1 Ne6 33.Ne2 Rdd8 34.Rxd8 Rxd8 35.Rd1 Rb8 36.b4 Ng5
37.Kf2 Rf8 38.Kg2 h5 39.h4 Ne6 40.c4 Rb8 41.c5 Rc8 42.Nc2 Nc7 43.Kf2 Ne6
44.Ke3 Nc7 45.Ng1 Ne6 46.Nh3 a6 47.Rd2 Rc7 48.Ng5 Rd7 49.Rxd7+ Nxd7 50.Nxe6 Kxe6
51.Ne1 Nf6 52.Nd3 Nd7 53.f4 exf4+ 54.gxf4 Kf6 55.Ne1 Ke6 56.Nf3 Kf6 57.Nd4 Nb8
58.e5+ Kf7 59.Ke4 Ke7 60.f5  1-0

[Event "European Rapid 2011"]
[Site "Warsaw POL"]
[Date "2011.12.18"]
[Round "12"]
[White "Kravtsiv,M"]
[Black "Pedzich,D"]
[Result "1-0"]
[WhiteElo "2601"]
[BlackElo "2409"]

1.e4 d6 2.d4 Nf6 3.Nc3 e5 4.Nf3 Nbd7 5.g3 c6 6.a4 Be7 7.Bg2 O-O 8.O-O a5
9.Nh4 exd4 10.Qxd4 Nc5 11.h3 Re8 12.Rd1 Qb6 13.b3 Nfd7 14.Bb2 Bxh4 15.gxh4 Ne6
16.Qxd6 Qc5 17.Qxc5 Ndxc5 18.Ne2 Na6 19.Bc3 Nb4 20.Bxb4 axb4 21.a5 f6 22.f4 Kf8
23.Kf2 Ke7 24.f5 Nc7 25.Bf3 Rd8 26.Rxd8 Kxd8 27.Nf4 Ke7 28.Nd3 Na6 29.Ke3 c5
30.e5 fxe5 31.Nxe5 Kf6 32.Kf4 Bxf5 33.Bxb7 Ra7 34.Bxa6 Rxa6 35.Ng4+ Bxg4
36.hxg4 h6 37.Ke4 Ke6 38.h5 Kd6 39.Kf5 Kc7 40.Ke5 Rf6 41.a6 Kb8 42.a7+ Ka8
43.Ra5 Rc6 44.Kd5 Rc7 45.Rxc5 Rxa7 46.Rc8+ Kb7 47.Rc4 Ra5+ 48.Ke6 Rb5 49.Kf7 Rg5
50.Rxb4+ Kc6 51.Ke6 g6 52.Rc4+ Kb5 53.hxg6 Rxg6+ 54.Kf5 Rg5+ 55.Kf4  1-0

[Event "XXI Elgoibar Magistral"]
[Site "Elgoibar ESP"]
[Date "2011.12.19"]
[Round "8.1"]
[White "Forcen Esteban,D"]
[Black "Paunovic,D"]
[Result "1-0"]
[WhiteElo "2410"]
[BlackElo "2528"]

1.e4 d6 2.d4 Nf6 3.Nc3 e5 4.Nf3 Nbd7 5.Bc4 Be7 6.O-O O-O 7.a4 c6 8.a5 Rb8
9.Qe2 b5 10.axb6 axb6 11.b4 b5 12.Bb3 Qc7 13.h3 h6 14.Be3 Re8 15.Rfd1 Bb7
16.d5 Qc8 17.dxc6 Bxc6 18.Qd3 Ra8 19.Nh4 Qb7 20.Nf5 Rxa1 21.Rxa1 Bxe4 22.Nxe7+ Rxe7
23.Qxd6 Re8 24.Ra7 Qc6 25.Nxe4  1-0

[Event "48th Groningen Open A"]
[Site "Groningen NED"]
[Date "2011.12.22"]
[Round "2.3"]
[White "Van Assendelft,F"]
[Black "Hess,Ro"]
[Result "0-1"]
[WhiteElo "2357"]
[BlackElo "2625"]

1.e4 d6 2.d4 Nf6 3.Nc3 c6 4.Be3 Qc7 5.f4 d5 6.e5 Ng4 7.Bd2 Nh6 8.h3 Nf5 9.Nce2 h5
10.g3 Qb6 11.Nf3 e6 12.Bc3 c5 13.Qd2 Nc6 14.Rg1 Bd7 15.O-O-O Qa6 16.Kb1 c4
17.g4 hxg4 18.hxg4 Nh4 19.Nxh4 Rxh4 20.f5 O-O-O 21.Nf4 Be7 22.Qf2 Rdh8 23.g5 Bb4
24.g6 Bxc3 25.bxc3 Qa3 26.gxf7 Nb4 27.cxb4 Qxb4+ 28.Kc1 c3 29.Rd3 Qb2+ 30.Kd1 Qb1+
31.Ke2 Qxc2+ 32.Ke1 Qxf2+ 33.Kxf2 Rxf4+ 34.Rf3 Rxf3+ 35.Kxf3 Rf8 36.fxe6 Bxe6
37.Ke3 Rxf7 38.Bd3 Rc7 39.Rg6 Bh3 40.Rg3 c2  0-1

[Event "48th Groningen Open A"]
[Site "Groningen NED"]
[Date "2011.12.22"]
[Round "2.7"]
[White "Thakur,Ak"]
[Black "Michalik,P"]
[Result "0-1"]
[WhiteElo "2324"]
[BlackElo "2509"]

1.e4 d6 2.d4 Nf6 3.Nc3 e5 4.dxe5 dxe5 5.Qxd8+ Kxd8 6.Bc4 Ke8 7.Nf3 Bd6 8.h3 a6
9.a3 Nbd7 10.Be3 b5 11.Ba2 Bb7 12.O-O-O Ke7 13.Rhe1 h6 14.Nh4 g6 15.g3 Kf8
16.f3 Kg7 17.Nd5 Rhd8 18.Ng2 Rac8 19.Re2 Nxd5 20.Bxd5 Bxd5 21.Rxd5 f5 22.exf5 gxf5
23.Nh4 Kf6 24.f4 Ke6 25.Rd1 e4 26.g4 fxg4 27.hxg4 Nf6 28.f5+ Kf7 29.Rg1 Rg8
30.Ng6 h5 31.g5 Ng4 32.Rh1 Rxg6 33.fxg6+ Kxg6 34.Kd1 Bg3 35.c3 h4 36.Bd4 c5
37.Be3 c4 38.Kc2 Rd8 39.Bd4 e3 40.a4 bxa4 41.Ra1 h3 42.Rg1 Bf2 43.Rxg4 h2
44.Rh4 Bxh4 45.Rxh2 Bxg5 46.Kd1 Rb8 47.Re2 Kf5 48.Bxe3 Bxe3 49.Rxe3 Rxb2
50.Kc1 a3 51.Rh3 Rb5 52.Rh2 Ke4 53.Rh4+ Kd5 54.Rh5+ Kc6 55.Rh6+ Kb7 56.Rh2 Kb6
57.Rg2 Ka5 58.Rf2 Ka4 59.Rh2 Kb3 60.Kb1 Re5 61.Rb2+ Kxc3 62.Rc2+ Kd3 63.Rc1 c3
64.Rd1+ Kc4 65.Rd6 Rb5+ 66.Kc1  0-1

[Event "48th Groningen Open A"]
[Site "Groningen NED"]
[Date "2011.12.23"]
[Round "3.15"]
[White "Anurag,M"]
[Black "Thakur,Ak"]
[Result "1/2-1/2"]
[WhiteElo "2222"]
[BlackElo "2324"]

1.e4 d6 2.d4 Nf6 3.Nc3 e5 4.dxe5 dxe5 5.Qxd8+ Kxd8 6.Bg5 c6 7.O-O-O+ Nd7
8.f4 exf4 9.e5 h6 10.Bxf4 Ng4 11.Ne4 g5 12.Be2 gxf4 13.Bxg4 Kc7 14.Nf3 Nc5
15.Bxc8 Nxe4 16.Bf5 Nc5 17.Rhe1  1/2-1/2